[Event "Gatineau Hull CC Reserve-B"]
[Site "Gatineau"]
[Date "2015.12.01"]
[Round "2"]
[White "Gaudreau, Louis"]
[Black "Ethier, Valori"]
[Result "0-1"]
[WhiteElo "1387"]
[BlackElo "1360"]
[PlyCount "88"]
[EventDate "2015.11.24"]
[EventType "swiss"]
[EventRounds "5"]
[EventCountry "CAN"]
[SourceTitle "EXT 2022"]
[Source "ChessBase"]
[SourceDate "2021.10.06"]
[SourceVersion "1"]
[SourceVersionDate "2021.10.06"]
[SourceQuality "1"]

1. d4 d5 2. c4 c6 3. e3 Nf6 4. Nf3 g6 5. b4 a6 6. Nbd2 dxc4 7. Bxc4 b5 8. Bb3 Bg7 9. Bb2 0-0 10. Rc1 Bb7 11. 0-0 Nbd7 12. a4 e6 13. Qc2 Rc8 14. Ne4 Nxe4 15. Qxe4 Nf6 16. Qd3 Qd6 17. axb5 cxb5 18. Bc2 Nd5 19. Rfe1 Nxb4 20. Qb3 Nxc2 21. Rxc2 Rxc2 22. Qxc2 Rc8 23. Qd3 Bxf3 24. gxf3 Qb4 25. Rb1 Qc4 26. Qd2 Qc2 27. Qe1 Qf5 28. Ba3 Qxf3 29. Bc5 Qg4+ 30. Kh1 Qe4+ 31. Kg1 h5 32. Ra1 Qb7 33. Ra5 h4 34. Qe2 Bf8 35. Qc2 h3 36. e4 Bxc5 37. dxc5 Rc6 38. Ra1 Qc8 39. Rc1 Qd8 40. f4 Qd4+ 41. Kf1 Qe3 42. Rd1 Qxf4+ 43. Ke2 Qxh2+ 44. Ke3 Qxc2 0-1

[Event "Gatineau Hull CC 35 Ann U1500"]
[Site "Gatineau"]
[Date "2015.10.06"]
[Round "4"]
[White "Sabourin, Yves"]
[Black "Gaudreau, Louis"]
[Result "1-0"]
[WhiteElo "1426"]
[BlackElo "1311"]
[PlyCount "63"]
[EventDate "2015.09.15"]
[EventType "swiss"]
[EventRounds "5"]
[EventCountry "CAN"]
[SourceTitle "EXT 2022"]
[Source "ChessBase"]
[SourceDate "2021.10.06"]
[SourceVersion "1"]
[SourceVersionDate "2021.10.06"]
[SourceQuality "1"]

1. e4 c6 2. d4 d5 3. e5 Bf5 4. Bd3 Bxd3 5. Qxd3 e6 6. Nc3 Nd7 7. Be3 c5 8. f4 Ne7 9. dxc5 Nf5 10. b4 Qh4+ 11. Kd2 Nxe3 12. Qxe3 Be7 13. Nf3 Qh6 14. Nb5 0-0 15. Nd6 Qg6 16. Rhg1 Bxd6 17. cxd6 Rac8 18. Qd3 Rc4 19. Qxg6 fxg6 20. g3 Rxb4 21. Rgb1 Rc4 22. Rxb7 Nc5 23. Rb2 Ne4+ 24. Kc1 Nf2 25. Kd2 Ne4+ 26. Ke2 Rfc8 27. Ne1 Rd4 28. Ke3 Rd2 29. Rab1 Rc3+ 30. Nd3 Rc8 31. d7 Rd8 32. Rb8 1-0

[Event "Gatineau Nez Rouge-B"]
[Site "Gatineau"]
[Date "2014.12.16"]
[Round "4"]
[White "Lemieux, Denis"]
[Black "Gaudreau, Louis"]
[Result "1-0"]
[WhiteElo "1452"]
[BlackElo "1200"]
[PlyCount "27"]
[EventDate "2014.11.25"]
[EventType "swiss"]
[EventRounds "4"]
[EventCountry "CAN"]
[SourceTitle "EXT 2016"]
[Source "ChessBase"]
[SourceDate "2015.10.08"]
[SourceVersion "1"]
[SourceVersionDate "2015.10.08"]
[SourceQuality "1"]

1. d4 d5 2. c4 dxc4 3. Nc3 Nf6 4. e4 Bg4 5. f3 Bh5 6. Bxc4 e6 7. Nge2 Bb4 8. Qa4+ Nc6 9. d5 exd5 10. exd5 Nxd5 11. Bxd5 Qxd5 12. 0-0 Bc5+ 13. Kh1 0-0 14. Nxd5 1-0